[Event "DEM U10/U10w 2000"]
[Site "Überlingen GER"]
[Date "2000.06.10"]
[Round "11"]
[White "Winkelmann, Elena"]
[Black "Günther, Christian"]
[Result "1-0"]
[Termination "normal"]
[Board "20"]
[WhiteElo "741"]
[BlackElo "877"]
[PlyCount "157"]
[WhiteFideId "24607630"]
[BlackFideId "24659380"]
[EventCountry "GER"]
[EventRounds "11"]
[EventType "swiss"]
[EventDate "2000.06.03"]

1. d4 d5 2. c4 e6 3. Nc3 Nf6 4. cxd5 exd5 5. Bg5 h6 6. Bf4 Bd6 7. Bxd6 Qxd6 8.
Nf3 O-O 9. e3 Bf5 10. Be2 Nc6 11. O-O Ng4 12. h3 Nf6 13. Bd3 Be4 14. Bxe4 dxe4
15. Nd2 Rfe8 16. Qc2 Qe7 17. Rad1 Nb4 18. Qb3 b6 19. Nc4 Nc6 20. Rd2 Nh5 21.
Rfd1 Kh8 22. d5 Na5 23. Nxa5 bxa5 24. d6 cxd6 25. Rxd6 f5 26. R6d5 g6 27. Na4
f4 28. Qc3+ Kg8 29. Rd7 Qf8 30. R1d6 Re7 31. Rxg6+ Ng7 32. Qc4+ Qf7 33. Qxf7+
Rxf7 34. Rxf7 Kxf7 35. Rxh6 fxe3 36. fxe3 Nf5 37. Rh5 Nxe3 38. Rxa5 Nc4 39. Rc5
Nb6 40. Nc3 e3 41. g4 Re8 42. Rf5+ Kg6 43. Rf1 Nc4 44. Re1 Nd2 45. Kg2 Nc4 46.
b3 Na3 47. Re2 Kg5 48. Kf3 Kh4 49. Rxe3 Rxe3+ 50. Kxe3 Nc2+ 51. Kf4 Nb4 52. g5
Nc6 53. g6 Ne7 54. g7 Kh5 55. Nb5 Kh6 56. Nxa7 Kxg7 57. a4 Nd5+ 58. Ke5 Nc7 59.
b4 Na6 60. b5 Nc7 61. b6 Na8 62. b7 Nb6 63. a5 Nd7+ 64. Kd6 Nb8 65. Nc6 Nxc6
66. Kxc6 Kf6 67. b8=R Ke5 68. Rd8 Ke4 69. Kc5 Ke3 70. Kc4 Ke2 71. h4 Ke3 72. h5
Ke4 73. Re8+ Kf5 74. h6 Kf4 75. h7 Kf5 76. h8=Q Kf4 77. Qf6+ Kg4 78. Rg8+ Kh3
79. Qh6# 1-0

[Event "DEM U10/U10w 2000"]
[Site "Überlingen GER"]
[Date "2000.06.10"]
[Round "11"]
[White "Bogner, Sebastian"]
[Black "Fink, Leander"]
[Result "1-0"]
[Termination "normal"]
[Board "21"]
[WhiteElo "768"]
[BlackElo "712"]
[PlyCount "71"]
[WhiteFideId "4692055"]
[BlackFideId "24605247"]
[EventCountry "GER"]
[EventRounds "11"]
[EventType "swiss"]
[EventDate "2000.06.03"]

1. d4 Nf6 2. Nf3 d6 3. Nc3 Nbd7 4. Bf4 g6 5. e4 Bg7 6. Bc4 O-O 7. h3 Re8 8. e5
Nh5 9. Bh2 Bh6 10. O-O dxe5 11. Nxe5 e6 12. Qf3 Nhf6 13. Ne4 Bg7 14. Ng5 Rf8
15. Nexf7 Nb6 16. Nxd8 Nxc4 17. Ndxe6 Bxe6 18. Nxe6 Rf7 19. Nxg7 Kxg7 20. Qxb7
Rd8 21. Qxa7 Nxb2 22. Rfb1 Nc4 23. Rb7 Nd5 24. Bxc7 Rfd7 25. Be5+ Nxe5 26.
Rxd7+ Rxd7 27. Qc5 Nf7 28. a4 Nd8 29. c4 Nc3 30. Re1 Kh6 31. Qf8+ Kh5 32. Re5+
g5 33. g4+ Kg6 34. Qf5+ Kg7 35. Qxd7+ Kg6 36. Qxd8 1-0

[Event "DEM U10/U10w 2000"]
[Site "Überlingen GER"]
[Date "2000.06.10"]
[Round "11"]
[White "Prum, Alexander"]
[Black "Rutz, Marco"]
[Result "1-0"]
[Termination "normal"]
[Board "22"]
[WhiteElo "351"]
[BlackElo "951"]
[PlyCount "43"]
[EventCountry "GER"]
[EventRounds "11"]
[EventType "swiss"]
[EventDate "2000.06.03"]

1. d4 d5 2. e3 Nf6 3. Bd3 Bd7 4. f4 e6 5. Nd2 Nc6 6. Ngf3 Bd6 7. O-O Qe7 8. Ne5
O-O-O 9. b3 h6 10. Bb2 g5 11. Nxd7 Nxd7 12. c4 dxc4 13. bxc4 Qe8 14. d5 Rg8 15.
dxc6 bxc6 16. Bh7 Rh8 17. Bxh8 Qxh8 18. Be4 Kb7 19. Qb3+ Nb6 20. Qb5 Be7 21.
Bxc6+ Kb8 22. Qa6 1-0

[Event "DEM U10/U10w 2000"]
[Site "Überlingen GER"]
[Date "2000.06.10"]
[Round "11"]
[White "Aghadjanian, Annie"]
[Black "Geilfuss, Albert"]
[Result "0-1"]
[Termination "normal"]
[Board "23"]
[WhiteElo "843"]
[BlackElo "1297"]
[PlyCount "76"]
[EventCountry "GER"]
[EventRounds "11"]
[EventType "swiss"]
[EventDate "2000.06.03"]

1. e4 c5 2. Nf3 d6 3. d4 cxd4 4. Nxd4 Nf6 5. Nc3 g6 6. f3 a6 7. Be3 Bg7 8. Qd2
Nc6 9. O-O-O O-O 10. Bh6 Nxd4 11. Bxg7 Kxg7 12. Qxd4 Bd7 13. g4 h6 14. h4 Kh7
15. Bh3 Ne8 16. e5 Bc6 17. Qd3 Qc7 18. exd6 Qxd6 19. Bg2 Qf4+ 20. Kb1 Ng7 21.
Nd5 Qd6 22. Rhe1 Bxd5 23. Qxd5 Qxd5 24. Rxd5 Rad8 25. Rdd1 Ne6 26. Bf1 Nc7 27.
b3 e6 28. Bd3 Kg7 29. Rd2 Rd7 30. Red1 Rfd8 31. Kc1 Kf6 32. Be4 Rxd2 33. Rxd2
Rxd2 34. Kxd2 b6 35. Ke3 e5 36. f4 Ke6 37. g5 h5 38. Kf3 Nd5 0-1

[Event "DEM U10/U10w 2000"]
[Site "Überlingen GER"]
[Date "2000.06.10"]
[Round "11"]
[White "Bömelburg, Raphael"]
[Black "Schleißinger, Patrick"]
[Result "1-0"]
[Termination "normal"]
[Board "24"]
[WhiteElo "1009"]
[BlackElo "761"]
[PlyCount "141"]
[WhiteFideId "24692441"]
[EventCountry "GER"]
[EventRounds "11"]
[EventType "swiss"]
[EventDate "2000.06.03"]

1. e4 e5 2. Nf3 Nc6 3. Bb5 d6 4. Bxc6+ bxc6 5. O-O Bg4 6. h3 Bh5 7. Nc3 Nf6 8.
d3 h6 9. Be3 d5 10. Bd2 dxe4 11. Nxe4 Nxe4 12. dxe4 Bxf3 13. gxf3 Bd6 14. Be3
O-O 15. Qd2 Qh4 16. Kh2 Qh5 17. Rg1 Kh8 18. Rg3 Kh7 19. Rag1 Rg8 20. Qc3 Rab8
21. b3 a5 22. Qxc6 Rbd8 23. Qc3 f5 24. Qxa5 f4 25. Bxf4 Ra8 26. Qb5 c6 27. Qxc6
exf4 28. Rxg7+ Rxg7 29. Rxg7+ Kxg7 30. Qxa8 Qxf3 31. Qb7+ Kf8 32. Qc8+ Ke7 33.
Qb7+ Kf8 34. Qb6 Ke8 35. a4 Qd1 36. Qc6+ Ke7 37. e5 Bxe5 38. Kg2 Qe2 39. a5 Bd4
40. Qc7+ Ke6 41. Qxf4 Be5 42. Qxh6+ Kd5 43. c4+ Kd4 44. Qe3+ Qxe3 45. fxe3+
Kxe3 46. c5 Kd4 47. b4 Kd5 48. Kf3 Kc6 49. Ke4 Bc3 50. a6 Bxb4 51. a7 Kb7 52.
c6+ Kxa7 53. Ke5 Kb6 54. Kd5 Be7 55. Ke6 Bh4 56. Kd7 Bg3 57. h4 Bf4 58. h5 Be5
59. h6 Bf4 60. h7 Be5 61. h8=Q Bxh8 62. c7 Be5 63. c8=Q Kb5 64. Qc6+ Kb4 65.
Ke6 Bc3 66. Kd5 Kb3 67. Ke4 Bb4 68. Kd3 Ka3 69. Qc2 Ba5 70. Kc4 Bc3 71. Qb3#
1-0

[Event "DEM U10/U10w 2000"]
[Site "Überlingen GER"]
[Date "2000.06.10"]
[Round "11"]
[White "Lange, Jan-David"]
[Black "Stöhr, Constantin"]
[Result "0-1"]
[Termination "normal"]
[Board "25"]
[WhiteElo "1000"]
[BlackElo "742"]
[PlyCount "74"]
[WhiteFideId "24614963"]
[EventCountry "GER"]
[EventRounds "11"]
[EventType "swiss"]
[EventDate "2000.06.03"]

1. e4 c5 2. Nf3 Nc6 3. d4 cxd4 4. Nxd4 Nf6 5. Nc3 e5 6. Nxc6 bxc6 7. Bg5 Be7 8.
Bc4 O-O 9. O-O h6 10. Bh4 Nxe4 11. Bxe7 Nxc3 12. Bxd8 Nxd1 13. Be7 Re8 14.
Raxd1 Rxe7 15. Rfe1 Bb7 16. f4 Rae8 17. Re2 exf4 18. Rxe7 Rxe7 19. Rf1 d5 20.
Bb3 Re4 21. c3 Ba6 22. Rf3 g5 23. g3 Re1+ 24. Kf2 Rf1+ 25. Kg2 Rxf3 26. Kxf3
fxg3 27. hxg3 f5 28. Bc2 Bc8 29. b4 Kg7 30. a4 h5 31. a5 Kf6 32. Ke3 h4 33.
gxh4 gxh4 34. Kf2 f4 35. Bd1 Ke5 36. Bf3 Bf5 37. Kg2 Be4 0-1

[Event "DEM U10/U10w 2000"]
[Site "Überlingen GER"]
[Date "2000.06.10"]
[Round "11"]
[White "Hofmann, Christine"]
[Black "Armbrüster, Clemens"]
[Result "0-1"]
[Termination "normal"]
[Board "26"]
[WhiteElo "966"]
[BlackElo "584"]
[PlyCount "142"]
[BlackFideId "12969699"]
[EventCountry "GER"]
[EventRounds "11"]
[EventType "swiss"]
[EventDate "2000.06.03"]

1. d4 Nf6 2. c4 e5 3. dxe5 Ng4 4. Nf3 Bc5 5. e3 Nc6 6. h3 Ngxe5 7. Nxe5 Nxe5 8.
Bd3 Qe7 9. b3 Bb4+ 10. Kf1 O-O 11. Bb2 Nxd3 12. Qxd3 d6 13. Nc3 Qe5 14. Qd4
Qxd4 15. exd4 Re8 16. Re1 Bf5 17. Rd1 Re7 18. Kg1 Rae8 19. Kh2 Bxc3 20. Bxc3
Re2 21. Rd2 h6 22. Rf1 Rxd2 23. Bxd2 Re2 24. Ba5 b6 25. Re1 Rxa2 26. Re8+ Kh7
27. Be1 Be6 28. Re7 c5 29. d5 Bf5 30. Rxf7 Bg6 31. Rd7 Be4 32. Bc3 Kg8 33.
Rxg7+ Kf8 34. f3 Bxf3 35. h4 Rc2 36. Bf6 Rf2 37. Rg3 Bxg2 38. Rxg2 Rxf6 39. Ra2
Rf3 40. Rxa7 Rxb3 41. Rd7 Rc3 42. Rxd6 Rxc4 43. Rxb6 Rxh4+ 44. Kg3 Rd4 45. Rxh6
Rxd5 46. Rc6 Ke7 47. Kf3 Kd7 48. Ra6 c4 49. Ra4 c3 50. Ra2 Kc6 51. Rc2 Rc5 52.
Ke3 Kb5 53. Kd4 Kb4 54. Ke4 Kb3 55. Rc1 Kb2 56. Rg1 c2 57. Rg2 Kb1 58. Rg1+
c1=Q 59. Rxc1+ Rxc1 60. Kd3 Re1 61. Kd2 Re8 62. Kd3 Kb2 63. Kd4 Kc2 64. Kd5 Kd3
65. Kd6 Kd4 66. Kd7 Re1 67. Kd8 Kd5 68. Kc7 Ke6 69. Kd8 Rd1+ 70. Ke8 Re1 71.
Kd8 Rc1 0-1

[Event "DEM U10/U10w 2000"]
[Site "Überlingen GER"]
[Date "2000.06.10"]
[Round "11"]
[White "Zeuner, Felix"]
[Black "Weber, Max"]
[Result "1/2-1/2"]
[Termination "normal"]
[Board "27"]
[WhiteElo "830"]
[BlackElo "911"]
[PlyCount "69"]
[BlackFideId "24606146"]
[EventCountry "GER"]
[EventRounds "11"]
[EventType "swiss"]
[EventDate "2000.06.03"]

1. e4 g6 2. d4 Bg7 3. Nf3 d6 4. Nc3 c6 5. Be3 b5 6. Bd3 Bb7 7. a3 Nd7 8. O-O
Ngf6 9. b4 O-O 10. Qd2 a6 11. Rfe1 a5 12. bxa5 Rxa5 13. Bh6 Qa8 14. Bxg7 Kxg7
15. Qc1 Qa7 16. Qb2 Ra8 17. Nb1 Qb6 18. c3 c5 19. h3 b4 20. cxb4 cxb4 21. Nbd2
bxa3 22. Qxb6 Nxb6 23. Reb1 Nfd7 24. Nc4 Nxc4 25. Rxb7 Ncb6 26. e5 dxe5 27.
Nxe5 Nxe5 28. dxe5 Nc8 29. f4 R5a7 30. Be4 Rxb7 31. Bxb7 Rb8 32. Bxc8 Rxc8 33.
Rxa3 Rc4 34. g3 Kf8 35. Kf2 1/2-1/2

[Event "DEM U10/U10w 2000"]
[Site "Überlingen GER"]
[Date "2000.06.10"]
[Round "11"]
[White "Wassilian, Diana"]
[Black "Rath, Oliver"]
[Result "0-1"]
[Termination "normal"]
[Board "28"]
[WhiteElo "889"]
[BlackElo "332"]
[PlyCount "94"]
[BlackFideId "24610380"]
[EventCountry "GER"]
[EventRounds "11"]
[EventType "swiss"]
[EventDate "2000.06.03"]

1. e4 c5 2. Nf3 Nc6 3. d4 cxd4 4. Nxd4 d6 5. Nc3 e6 6. Be2 Be7 7. Be3 Bd7 8.
O-O Nf6 9. f4 O-O 10. Qe1 Re8 11. Qg3 Bf8 12. Rf3 g6 13. Raf1 Nh5 14. Nxc6 Nxg3
15. Nxd8 Nxf1 16. Kxf1 Rexd8 17. g4 Bg7 18. h4 Bc6 19. Bd3 d5 20. exd5 exd5 21.
Bd2 Bxc3 22. bxc3 Bd7 23. Rg3 a6 24. f5 Bb5 25. h5 Bxd3+ 26. cxd3 Kg7 27. h6+
Kf6 28. Rf3 Ke7 29. f6+ Kd6 30. d4 b5 31. Ke2 Re8+ 32. Kd3 Re4 33. Bf4+ Ke6 34.
g5 Ra7 35. a3 a5 36. Kc2 Rb7 37. Kb3 Re1 38. Kb2 b4 39. cxb4 axb4 40. axb4
Rxb4+ 41. Kc3 Rc4+ 42. Kd3 Re4 43. Be5 Re1 44. Kd2 Ra1 45. Kd3 Rac1 46. Kd2
R1c2+ 47. Kd3 R4c3# 0-1

[Event "DEM U10/U10w 2000"]
[Site "Überlingen GER"]
[Date "2000.06.10"]
[Round "11"]
[White "Friedrich, Jan"]
[Black "Zahn, Benno"]
[Result "1-0"]
[Termination "normal"]
[Board "29"]
[WhiteElo "821"]
[BlackElo "883"]
[PlyCount "77"]
[WhiteFideId "24659452"]
[BlackFideId "24636070"]
[EventCountry "GER"]
[EventRounds "11"]
[EventType "swiss"]
[EventDate "2000.06.03"]

1. e4 e5 2. Nf3 Nc6 3. d4 exd4 4. Nxd4 Nf6 5. Nc3 Bc5 6. Be3 O-O 7. Nxc6 bxc6
8. Bxc5 Re8 9. Bd3 d6 10. Bd4 Ng4 11. Qf3 d5 12. O-O dxe4 13. Bxe4 Bb7 14. Qxg4
Qxd4 15. Rfe1 Rad8 16. Rad1 Qb4 17. Bxh7+ Kxh7 18. Qxb4 Ba6 19. Rxe8 Rxe8 20.
h3 Kg8 21. Qc5 Bc8 22. Qxc6 Rf8 23. Rd3 Bf5 24. Rg3 Bxc2 25. Qxc7 Re8 26. Kh2
Bf5 27. Rf3 Rc8 28. Qxa7 Be6 29. Rg3 Rd8 30. Qe3 Bf5 31. Qg5 Bg6 32. Qxd8+ Kh7
33. Rg4 Bh5 34. Rh4 g6 35. g4 Kg7 36. gxh5 Kh6 37. hxg6+ Kxg6 38. Nd5 Kf5 39.
Qf6# 1-0

[Event "DEM U10/U10w 2000"]
[Site "Überlingen GER"]
[Date "2000.06.10"]
[Round "11"]
[White "Nekrassowa, Katja"]
[Black "Erben, Larissa"]
[Result "0-1"]
[Termination "normal"]
[Board "30"]
[WhiteElo "361"]
[BlackElo "918"]
[PlyCount "118"]
[BlackFideId "24634590"]
[EventCountry "GER"]
[EventRounds "11"]
[EventType "swiss"]
[EventDate "2000.06.03"]

1. e4 e5 2. Nf3 Nc6 3. Bc4 Bc5 4. Nc3 Nf6 5. d3 d6 6. h3 Be6 7. Bb3 Qd7 8. Bg5
h6 9. Bxf6 gxf6 10. Qe2 O-O-O 11. O-O-O Rdg8 12. Rdg1 Nd4 13. Nxd4 Bxd4 14. Nd5
Bxd5 15. Bxd5 f5 16. c3 Bb6 17. g3 h5 18. h4 Rg7 19. Rf1 c6 20. Bb3 d5 21. exd5
cxd5 22. d4 exd4 23. cxd4 Qc7+ 24. Qc2 Bxd4 25. Qxc7+ Kxc7 26. Bxd5 Re8 27. Re1
Rxe1+ 28. Rxe1 f6 29. Re2 Kd6 30. Kc2 Kxd5 31. Rd2 Rc7+ 32. Kd3 Rc4 33. Ke2 Rb4
34. b3 Ke5 35. f4+ Ke4 36. Kf1 Be3 37. Rd7 Kf3 38. Rh7 Kxg3 39. Rxh5 Rxf4+ 40.
Ke2 Bf2 41. Rh7 Kh3 42. Rxb7 Kxh4 43. Rh7+ Kg3 44. Rg7+ Rg4 45. Rf7 Re4+ 46.
Kd3 Re6 47. a4 f4 48. b4 Bg1 49. b5 f3 50. a5 f2 51. a6 f1=Q+ 52. Kc3 Qe1+ 53.
Kd3 Re3+ 54. Kc4 Qc3+ 55. Kd5 Qb3+ 56. Kc5 Qxf7 57. Kd6 Qe7+ 58. Kd5 Rd3+ 59.
Kc4 Qe4# 0-1

[Event "DEM U10/U10w 2000"]
[Site "Überlingen GER"]
[Date "2000.06.10"]
[Round "11"]
[White "von Berg, Martin"]
[Black "Braun, Konstantin"]
[Result "1-0"]
[Termination "normal"]
[Board "31"]
[WhiteElo "875"]
[BlackElo "170"]
[PlyCount "49"]
[EventCountry "GER"]
[EventRounds "11"]
[EventType "swiss"]
[EventDate "2000.06.03"]

1. e4 e5 2. Nf3 Nc6 3. Bc4 Bc5 4. c3 Nf6 5. d4 exd4 6. cxd4 Bb4+ 7. Bd2 Nxe4 8.
Bxb4 Nxb4 9. Bxf7+ Kxf7 10. Qb3+ d5 11. Ne5+ Ke8 12. Qxb4 Be6 13. Qxb7 Rb8 14.
Qc6+ Kf8 15. Qxe6 Ng5 16. Nd7+ Qxd7 17. Qxd7 Re8+ 18. Kd1 Ne4 19. Qf5+ Kg8 20.
Qxd5+ Kf8 21. Qf5+ Kg8 22. Re1 g6 23. Qd5+ Kf8 24. Rxe4 Rxe4 25. Qxe4 1-0

[Event "DEM U10/U10w 2000"]
[Site "Überlingen GER"]
[Date "2000.06.10"]
[Round "11"]
[White "Neudert, Maximilian"]
[Black "Fischer, Patrick"]
[Result "0-1"]
[Termination "normal"]
[Board "33"]
[WhiteElo "346"]
[BlackElo "649"]
[PlyCount "49"]
[EventCountry "GER"]
[EventRounds "11"]
[EventType "swiss"]
[EventDate "2000.06.03"]

1. e4 e5 2. Bc4 Nf6 3. d3 Bc5 4. Be3 Bxe3 5. fxe3 Nc6 6. Nf3 O-O 7. O-O b6 8.
Nc3 Bb7 9. d4 Re8 10. d5 Nb4 11. a3 Na6 12. Qe1 Nc5 13. Qh4 Nfxe4 14. Qh5 Nf6
15. Qg5 h6 16. Qf5 d6 17. b4 Ncd7 18. Bb5 Re7 19. Bc6 Rb8 20. e4 Bxc6 21. dxc6
Nf8 22. Nb5 Ra8 23. c4 Qe8 24. Rfd1 Qxc6 25. Nfd4 0-1

[Event "DEM U10/U10w 2000"]
[Site "Überlingen GER"]
[Date "2000.06.10"]
[Round "11"]
[White "Miclea, Sebastian"]
[Black "Mucha, Annegret"]
[Result "0-1"]
[Termination "normal"]
[Board "34"]
[WhiteElo "638"]
[BlackElo "485"]
[PlyCount "46"]
[BlackFideId "24622788"]
[EventCountry "GER"]
[EventRounds "11"]
[EventType "swiss"]
[EventDate "2000.06.03"]

1. d4 d5 2. c4 e6 3. Nc3 Nf6 4. Bg5 Nbd7 5. cxd5 exd5 6. Nxd5 Nxd5 7. Bxd8 Bb4+
8. Qd2 Bxd2+ 9. Kxd2 Kxd8 10. e4 N5f6 11. Bd3 Nb6 12. Nf3 c6 13. Ng5 Ke7 14. e5
Ng4 15. Bxh7 Nxf2 16. Raf1 Nxh1 17. Rxf7+ Ke8 18. Rf1 Nc4+ 19. Ke1 Nxb2 20.
Rxh1 Rf8 21. Bg6+ Ke7 22. Ne4 Nd3+ 23. Kd2 Nf4 0-1

[Event "DEM U10/U10w 2000"]
[Site "Überlingen GER"]
[Date "2000.06.10"]
[Round "11"]
[White "Müller, Jonathan"]
[Black "Prosch, Florian"]
[Result "0-1"]
[Termination "normal"]
[Board "35"]
[WhiteElo "487"]
[BlackElo "717"]
[PlyCount "69"]
[EventCountry "GER"]
[EventRounds "11"]
[EventType "swiss"]
[EventDate "2000.06.03"]

1. e4 d5 2. exd5 Qxd5 3. Nc3 Qa5 4. d3 c6 5. Bd2 Qc7 6. Nf3 Bg4 7. h3 Bxf3 8.
Qxf3 e6 9. Bg5 Be7 10. Ne4 Nd7 11. Bxe7 Nxe7 12. Ng5 f6 13. Nxe6 Qe5+ 14. Qe3
Qxb2 15. Nc7+ Kd8 16. Nxa8 Qxa1+ 17. Kd2 Qxa2 18. Qg3 Rg8 19. Be2 Qa5+ 20. c3
Qa2+ 21. Ke1 Nf5 22. Qc7+ Ke7 23. Qxb7 Qa1+ 24. Bd1 Qxc3+ 25. Ke2 Qe5+ 26. Kf1
Qf4 27. Qxc6 Ng3+ 28. Kg1 Nxh1 29. Kxh1 Qd4 30. Qf3 Qb4 31. Nc7 Qe1+ 32. Kh2
Qe5+ 33. Qg3 Qxg3+ 34. Kxg3 Kd6 35. Bb3 0-1

[Event "DEM U10/U10w 2000"]
[Site "Überlingen GER"]
[Date "2000.06.10"]
[Round "11"]
[White "Jakobi, Sabina"]
[Black "Cammann, Tim"]
[Result "0-1"]
[Termination "normal"]
[Board "36"]
[WhiteElo "713"]
[BlackElo "266"]
[PlyCount "96"]
[EventCountry "GER"]
[EventRounds "11"]
[EventType "swiss"]
[EventDate "2000.06.03"]

1. e4 e5 2. Nf3 Nc6 3. Bc4 Bc5 4. Nxe5 Nxe5 5. d4 Nxc4 6. dxc5 Nf6 7. Qd3 Ne5
8. Qg3 d6 9. Bf4 Nfd7 10. cxd6 cxd6 11. Nc3 O-O 12. O-O-O Re8 13. Rxd6 f6 14.
Bxe5 fxe5 15. Nd5 Rf8 16. Qg4 Nc5 17. Rxd8 Bxg4 18. Ne7+ Kf7 19. Rxf8+ Rxf8 20.
Nd5 Be6 21. Nc3 Rd8 22. f3 a6 23. b4 Nd7 24. Rd1 Rc8 25. Nd5 Bxd5 26. Rxd5 Rc7
27. b5 axb5 28. Rxb5 Ke6 29. g3 g5 30. h4 gxh4 31. gxh4 h5 32. a4 b6 33. a5
bxa5 34. Rxa5 Rc3 35. Ra6+ Ke7 36. Rh6 Rxf3 37. Rxh5 Rf4 38. Rh7+ Kd6 39. h5
Rxe4 40. Rg7 Re1+ 41. Kb2 Rh1 42. Rg6+ Kc5 43. h6 e4 44. Rg5+ Kd4 45. c3+ Ke3
46. Rg2 Rxh6 47. c4 Kf3 48. Rc2 Nc5 0-1

[Event "DEM U10/U10w 2000"]
[Site "Überlingen GER"]
[Date "2000.06.10"]
[Round "11"]
[White "Ugur, Özgür"]
[Black "Farnbacher, Christa"]
[Result "1-0"]
[Termination "normal"]
[Board "43"]
[WhiteElo "183"]
[BlackElo "348"]
[PlyCount "149"]
[EventCountry "GER"]
[EventRounds "11"]
[EventType "swiss"]
[EventDate "2000.06.03"]

1. e4 c5 2. Nf3 Nc6 3. d4 cxd4 4. Nxd4 Nf6 5. Nc3 e6 6. Bc4 Bb4 7. Bd2 Bxc3 8.
Bxc3 Nxe4 9. Nxc6 Nxc3 10. Nxd8 Nxd1 11. Rxd1 Kxd8 12. O-O Ke7 13. Bb5 Rd8 14.
Rd3 Kf8 15. Rfd1 d5 16. Rh3 Kg8 17. Rhd3 a6 18. Ba4 b5 19. Bb3 Bb7 20. a3 a5
21. h3 Ba6 22. R3d2 a4 23. Ba2 h6 24. Kh2 Rab8 25. c3 Rb6 26. f3 Rdb8 27. Rd4
R6b7 28. Rf1 f5 29. Re1 Re7 30. Bxd5 Bc8 31. Ba2 Kf8 32. Rd2 e5 33. Rde2 Bb7
34. Rxe5 Rxe5 35. Rxe5 f4 36. Rf5+ Ke7 37. Rxf4 g5 38. Rf7+ Kd8 39. Rf8+ Kc7
40. Rxb8 Kxb8 41. Kg3 Bc8 42. c4 bxc4 43. Bxc4 h5 44. Bb5 Kc7 45. Bxa4 Kb6 46.
b4 Be6 47. f4 g4 48. hxg4 hxg4 49. Bd1 Bc4 50. Bxg4 Kb5 51. f5 Ka4 52. f6 Bf7
53. Kh4 Kxa3 54. b5 Bd5 55. b6 Ka4 56. b7 Bxb7 57. f7 Bxg2 58. f8=Q Kb3 59. Bf3
Bf1 60. Bd5+ Kc3 61. Qxf1 Kd4 62. Qe1 Kxd5 63. Kg5 Kd4 64. Kf4 Kd5 65. Qe5+ Kc4
66. Qd6 Kc3 67. Ke3 Kc4 68. Qd4+ Kb5 69. Qc3 Kb6 70. Kd4 Kb7 71. Kd5 Kb6 72.
Qc6+ Ka5 73. Qb7 Ka4 74. Kc4 Ka5 75. Qb5# 1-0

[Event "DEM U10/U10w 2000"]
[Site "Überlingen GER"]
[Date "2000.06.10"]
[Round "11"]
[White "Häcker, Katrin"]
[Black "Lips, Franziska"]
[Result "1-0"]
[Termination "normal"]
[Board "47"]
[WhiteElo "350"]
[BlackElo "840"]
[PlyCount "67"]
[WhiteFideId "24667986"]
[EventCountry "GER"]
[EventRounds "11"]
[EventType "swiss"]
[EventDate "2000.06.03"]

1. e4 e5 2. Nf3 Nc6 3. Bb5 Nf6 4. Nc3 Bc5 5. d3 h6 6. a3 O-O 7. O-O d6 8. Be3
Bb6 9. h3 Be6 10. Bxb6 axb6 11. Nd5 Nxd5 12. exd5 Bxd5 13. Ne1 Qg5 14. g3 Nd4
15. h4 Qg6 16. c4 Be6 17. Nf3 Nf5 18. Qe1 Qg4 19. Qe4 Qh3 20. Qxb7 Nxg3 21.
fxg3 Qxg3+ 22. Kh1 Bh3 23. Rg1 Qf2 24. Bc6 Rab8 25. Qxc7 Rfc8 26. Qxd6 Rd8 27.
Qxe5 Rxd3 28. Qxb8+ Kh7 29. Be4+ g6 30. Bxd3 Kg7 31. h5 g5 32. Ne5 f6 33. Qc7+
Kh8 34. Qh7# 1-0

[Event "DEM U10/U10w 2000"]
[Site "Überlingen GER"]
[Date "2000.06.10"]
[Round "11"]
[White "Gremmer, Jan"]
[Black "Billing, Tanja"]
[Result "1-0"]
[Termination "normal"]
[Board "48"]
[WhiteElo "855"]
[BlackElo "529"]
[PlyCount "59"]
[BlackFideId "24647993"]
[EventCountry "GER"]
[EventRounds "11"]
[EventType "swiss"]
[EventDate "2000.06.03"]

1. e4 e5 2. Nf3 Nc6 3. Nc3 Bc5 4. Bc4 Nf6 5. O-O d6 6. d3 Bg4 7. Bg5 Bxf3 8.
Qxf3 Nd4 9. Qg3 Nxc2 10. Rac1 Nd4 11. Bh4 Qe7 12. Qxg7 O-O-O 13. Bxf6 Ne6 14.
Bxe6+ Qxe6 15. Bxd8 Rxd8 16. h3 f6 17. Nb5 Rd7 18. Qf8+ Rd8 19. Qg7 Rd7 20. Qh6
Rd8 21. Qxh7 Rd7 22. Qg6 c6 23. Nc3 Rd8 24. Rb1 Rg8 25. Qh7 Bd4 26. Rfe1 f5 27.
exf5 Qe8 28. f6 Rh8 29. f7 Qf8 30. Qf5+ 1-0